| 000 | 00369nam a2200133Ia 4500 | ||
|---|---|---|---|
| 008 | 260604s9999 xx 000 0 und d | ||
| 020 | _a9783662666241 | ||
| 082 | _a658.406 LAU | ||
| 100 |
_aLAUER [THOMAS] _935588 |
||
| 245 | 0 | _aQUICK GUIDE CHANGE MANAGEMENT FOR ALL CASES: WHAT CASE STUDIES TEACH US | |
| 260 | _bSPRINGER | ||
| 500 | _aManagement, Change | ||
| 942 | _cBK | ||
| 999 |
_c8411 _d8411 |
||